| 000 | 00488nam a2200217Ia 4500 | ||
|---|---|---|---|
| 003 | OSt | ||
| 005 | 20221006152953.0 | ||
| 006 | a|||||r|||| 00| 0 | ||
| 007 | ta | ||
| 008 | 221006b |||||||| |||| 00| 0 eng d | ||
| 020 |
_c _1.00 |
||
| 024 | _a30,697 | ||
| 037 | _cTextual | ||
| 040 |
_aEASL _cEASL _beng |
||
| 041 |
_2eng _aeng |
||
| 245 | 0 | _aSong of dragon river | |
| 260 |
_aPeking _bn _c1972 |
||
| 300 |
_ap. _ccm. |
||
| 942 |
_cTEXL _2CC |
||
| 999 |
_c1098783 _d1098783 |
||